Statistics for What Does the Fox Say?

Click here to take the quiz!

General Stats

  • This quiz has been taken 139 times
  • The average score is 18 of 50

Answer Stats

Hint Answer % Correct
Cat goesMeow
95%
Dog goesWoof
94%
Cow goesMoo
85%
Bird goesTweet
75%
Ducks sayQuack
74%
That no oneKnows
65%
And mouse goesSqueak
64%
Frog goesCroak
62%
But there's oneSound
60%
And fish goBlub
56%
And the seal goesOw ow ow
45%
And the elephant goesToot
43%
Your fur isRed
39%
PointyNose
38%
And diggingHoles
38%
Big blueEyes
38%
Will you communicate byMorse?
35%
Like anAngel
35%
SoBeautiful
34%
A friendlyHorse
33%
How will you speak to thatHorse?
33%
I want toKnow
32%
TinyPaws
32%
Will we everKnow?
32%
What is yourSound?
31%
You're my guardianAngel
31%
Will we everKnow?
31%
ChasingMice
31%
But if youMeet
31%
Suddenly you're standingStill
31%
InDisguise
30%
What is yourSound?
30%
What does theFox say?
29%
Up theHill
28%
What theFox say?
28%
What do youSay?
27%
Will always be aMystery
25%
I know you'reHiding
25%
Somewhere deep inThe woods
25%
AncientMystery
25%
The secret ofThe fox
25%
Hiding inThe woods
23%
What does the fox say?Ring-ding-ding-ding-dingeringeding
15%
What the fox say?Wa-pa-pa-pa-pa-pa-pow
7%
What the fox say?Hatee-hatee-hatee-ho
6%
What does the fox say?Jacha-chacha-chacha-chow
5%
What the fox say?Joff-tchoff-tchoffo-tchoffo-tchoff
5%
What the fox say?Fraka-kaka-kaka-kaka-kow
4%
What the fox say?A-oo-oo-oo-ooo
3%
What the fox say?A-hee-ahee ha-hee
3%

Score Distribution

Percentile by Number Answered

Percent of People with Each Score

Your Score History

You have not taken this quiz